Tratado Latinoamericano de sociología del trabajo /
Se realiza una síntesis desde diferentes corrientes teóricas sobre la concepción de la acción del trabajo. Hemos argumentado en contra de las torías del fin del trabajo y apoyado la tesis de que las mismas han planteado mal su problema. No hay fin de trabajo sino transformación del significado de qu...
Salvato in:
| Autore principale: | |
|---|---|
| Enti autori: | , |
| Altri autori: | |
| Natura: | testo |
| Pubblicazione: |
México, D.F:
El Colegio México
|
| Soggetti: | |
| Tags: |
Aggiungi Tag
Nessun Tag, puoi essere il primo ad aggiungerne!!
|
MARC
| LEADER | 00000 a a2200000 04500 | ||
|---|---|---|---|
| 001 | 26883 | ||
| 003 | |||
| 040 | |||
| 020 | |a 968-16-6026-9 | ||
| 090 | |a 146628 | ||
| 100 | |a Garza Toledo, Enrique de la | ||
| 110 | |a FLACSO | ||
| 245 | |a Tratado Latinoamericano de sociología del trabajo / |c FLACSO | ||
| 260 | |a México, D.F: |b El Colegio México | ||
| 300 | |a 796 p | ||
| 520 | |a Se realiza una síntesis desde diferentes corrientes teóricas sobre la concepción de la acción del trabajo. Hemos argumentado en contra de las torías del fin del trabajo y apoyado la tesis de que las mismas han planteado mal su problema. No hay fin de trabajo sino transformación del significado de qué es trabajar, de los ámbitos privilegiados del trabajar, de los límites entre el trabajo y no trabajo con la ruptura, para una parte de las ocupaciones, del concepto de jornadas de trabajo.DOC/WMV | ||
| 650 | |a TRABAJO | ||
| 650 | |a SOCIOLOGIA | ||
| 650 | |a ANALISIS SOCIOLOGICO | ||
| 650 | |a ORGANIZACION DEL TRABAJO | ||
| 650 | |a FACTORES DE PRODUCCION | ||
| 650 | |a RELACIONES LABORALES | ||
| 650 | |a NUEVA TECNOLOGIA | ||
| 650 | |a CAMBIO TECNOLOGICO | ||
| 650 | |a PLANIFICACION ESTRATEGICAS | ||
| 700 | |a coord | ||
| 710 | |a El Colegio de México |a Universidad Autónoma Metropolitana |a Fondo de Cultura Económica | ||
| 999 | |c 6626 |d 6626 | ||



